Gaming Quiz

Random Gaming Quiz

Fire Emblem Heroes Characters pt. 1 Quiz Stats

 Plays Quiz not verified by Sporcle

Score 0/100 Timer 20:00
0 Plays Today
% Correct
Lucina
89.9%
Robin
88.9%
Takumi
88.9%
Marth
88.5%
Chrom
88.5%
Gaius
88.5%
Olivia
88.5%
Roy
88%
Lyn
88%
Robin
88%
Cordelia
88%
Tharja
88%
Azura
88%
Felicia
88%
Camilla
88%
Leo
88%
Tiki
87.6%
Lissa
87.6%
Nowi
87.6%
Anna
87.1%
Donnel
87.1%
Henry
87.1%
Tiki
87.1%
Ryoma
87.1%
Xander
87.1%
Peri
87.1%
Selena
87.1%
Effie
87.1%
Corrin
86.6%
Saizo
86.6%
Hinoka
86.6%
Laslow
86.6%
Niles
86.6%
Eliwood
86.2%
% Correct
Sully
86.2%
Lon'qu
86.2%
Corrin
86.2%
Oboro
86.2%
Beruka
86.2%
Elise
86.2%
Arthur
86.2%
Matthew
85.7%
Frederick
85.7%
Subaki
85.7%
Fae
85.3%
Virion
85.3%
Gunter
85.3%
Jakob
85.3%
Azama
85.3%
Setsuna
85.3%
Hana
85.3%
Sakura
84.8%
Hector
84.3%
Hawkeye
84.3%
Cherche
84.3%
Odin
84.3%
Catria
83.9%
Est
83.9%
Seliph
83.9%
Fir
83.9%
Sophia
83.9%
Stahl
83.9%
Alfonse
83.4%
Abel
83.4%
Caeda
83.4%
Palla
83.4%
Florina
83.4%
Nino
83.4%
% Correct
Eirika
83.4%
Cain
82.9%
Ogma
82.9%
Wrys
82.9%
Raven
82.9%
Jagen
82.9%
Barst
82.5%
Minerva
82.5%
Lilina
82.5%
Raigh
82.5%
Draug
82%
Hinata
82%
Gordin
81.6%
Merric
81.6%
Julia
81.6%
Ephraim
81.6%
Kagero
81.6%
Veronica
81.6%
Gwendolyn
81.1%
Serra
81.1%
Sharena
80.6%
Cecilia
80.6%
Bartre
80.6%
Linde
79.7%
Maria
79.7%
Clarine
79.7%
Narcian
79.7%
Shanna
79.7%
Jeorge
79.3%
Sheena
76%
Michalis
75.1%
Bruno
68.7%

You're not logged in!

Compare scores with friends on all Sporcle quizzes.
OR
Log In

Sporcle TV

Today on Sporcle TV


Watch our educational content, quiz creation guides, and fun videos on Sporcle TV.

Show Comments

Extras

Top Quizzes Today


Score Distribution

Your Account Isn't Verified!

In order to create a playlist on Sporcle, you need to verify the email address you used during registration. Go to your Sporcle Settings to finish the process.

Report this User

Report this user for behavior that violates our Community Guidelines.

Details: